[Event "USA tt"]
[Site "ICC INT"]
[Date "2014.09.16"]
[Round "4"]
[White "Francisco, Richard"]
[Black "Defibaugh, Jared E"]
[Result "0-1"]
[WhiteElo "2281"]
[BlackElo "2236"]
[PlyCount "124"]
[EventDate "2014.08.26"]
[EventType "team-tourn"]
[EventRounds "10"]
[EventCountry "USA"]
[SourceTitle "CBM 162 Extra"]
[Source "ChessBase"]
[SourceDate "2014.10.17"]
[SourceVersion "1"]
[SourceVersionDate "2014.10.17"]
[SourceQuality "1"]
[WhiteTeam "Atlanta"]
[BlackTeam "Baltimore"]
[WhiteTeamCountry "USA"]
[BlackTeamCountry "USA"]

1. e4 e5 2. Nf3 Nc6 3. Bb5 a6 4. Ba4 Nge7 5. 0-0 d6 6. c3 Bd7 7. d4 Ng6 8. d5 Nb8 9. c4 Be7 10. Nc3 0-0 11. Be3 f5 12. Bxd7 Nxd7 13. exf5 Rxf5 14. Nd2 Bg5 15. Qg4 Bxe3 16. fxe3 Rxf1+ 17. Rxf1 Qe7 18. Nde4 Rf8 19. Ng5 Rxf1+ 20. Kxf1 Ngf8 21. Ke2 h6 22. Nge4 Qf7 23. b4 b6 24. a4 a5 25. bxa5 bxa5 26. Qf3 Qe8 27. Nb5 Nb6 28. Qg4 Qf7 29. Nec3 h5 30. Qh4 Qg6 31. Qe4 Nxa4 32. Qxg6 Nxc3+ 33. Kd3 Nxg6 34. Kxc3 Nh4 35. g3 Nf3 36. c5 Kf8 37. c6 Ke7 38. Nxc7 Nxh2 39. Ne6 Nf1 40. Kc4 Nxe3+ 41. Kb5 Nxd5 42. Nxg7 e4 43. Nf5+ Ke6 44. Nd4+ Ke5 45. Ne2 Ne7 46. c7 a4 47. Kxa4 d5 48. Nf4 Kd6 49. Nxh5 Kxc7 50. Kb3 Kd6 51. Kc3 Ke5 52. g4 d4+ 53. Kd2 Ng6 54. Ng3 e3+ 55. Ke2 Nf4+ 56. Kf3 Nh3 57. Nf5 Ng5+ 58. Ke2 Ke4 59. Ng3+ Kf4 60. Nf5 Ne6 61. Kd3 Kf3 62. g5 e2 0-1

[Event "Galloway Boardwalk op 4th"]
[Site "Galloway"]
[Date "2013.11.03"]
[Round "5"]
[White "Defibaugh, Jared E"]
[Black "Goldenberg, Ryan D"]
[Result "1/2-1/2"]
[WhiteElo "2289"]
[BlackElo "2380"]
[PlyCount "77"]
[EventDate "2013.11.01"]
[EventType "swiss"]
[EventRounds "5"]
[EventCountry "USA"]
[SourceTitle "EXT 2018"]
[Source "ChessBase"]
[SourceDate "2017.10.13"]
[SourceVersion "1"]
[SourceVersionDate "2017.10.13"]
[SourceQuality "1"]

1. e4 e6 2. d4 d5 3. Nc3 Bb4 4. Bd3 dxe4 5. Bxe4 Nf6 6. Bf3 0-0 7. Nge2 Nbd7 8. Bf4 Nd5 9. Bg3 N7b6 10. 0-0 Bd7 11. Qd3 Bc6 12. Nd1 Be7 13. a3 Qd7 14. c4 Nf6 15. Bxc6 Qxc6 16. Ne3 a5 17. Rfd1 Rfd8 18. Rac1 Rac8 19. Qb1 Qe4 20. Qa2 Qg6 21. Qb3 a4 22. Qb5 Nfd7 23. Qa5 c5 24. d5 e5 25. Qd2 f5 26. f4 e4 27. Qc2 Bf6 28. Be1 Bd4 29. Bf2 Bxe3 30. Bxe3 Nf6 31. h3 Ne8 32. Qb1 Nd6 33. Qa2 Qf7 34. Kh2 Qc7 35. b4 cxb4 36. c5 b3 37. Qa1 Nbc4 38. cxd6 Qxd6 39. Bd4 1/2-1/2

[Event "USA tt"]
[Site "ICC INT"]
[Date "2013.10.01"]
[Round "6"]
[White "Defibaugh, Jared E"]
[Black "Minear, Peter"]
[Result "1-0"]
[WhiteElo "2235"]
[BlackElo "2230"]
[PlyCount "173"]
[EventDate "2013.08.27"]
[EventType "team-tourn"]
[EventRounds "10"]
[EventCountry "USA"]
[SourceTitle "CBM 156 Extra"]
[Source "ChessBase"]
[SourceDate "2013.10.22"]
[SourceVersion "1"]
[SourceVersionDate "2013.10.22"]
[SourceQuality "1"]
[WhiteTeam "Baltimore"]
[BlackTeam "Philadelphia"]
[WhiteTeamCountry "USA"]
[BlackTeamCountry "USA"]

1. d4 Nf6 2. c4 g6 3. Nc3 Bg7 4. e4 d6 5. f3 0-0 6. Be3 a6 7. Qd2 Nbd7 8. Nge2 c6 9. g4 b5 10. Ng3 Qa5 11. h4 e5 12. d5 Bb7 13. h5 bxc4 14. dxc6 Bxc6 15. hxg6 fxg6 16. Bxc4+ Kh8 17. Qh2 Qb4 18. Bb3 Nc5 19. Bg5 Ra7 20. 0-0-0 Nxb3+ 21. axb3 a5 22. Be3 Rb7 23. g5 a4 24. gxf6 Bxf6 25. Qd2 Qxb3 26. Qc2 Qb4 27. Na2 Qb3 28. Qxb3 axb3 29. Nc3 Be7 30. Rhf1 h5 31. Kd2 h4 32. Nge2 Kg7 33. Nd5 Bd8 34. Nec3 g5 35. Ke2 Rbf7 36. Nb4 Bb7 37. Rf2 Ba5 38. Ncd5 Kh6 39. Rg1 Bd8 40. Bd2 Kh5 41. Rfg2 Rg8 42. Rh2 Bc8 43. Ne3 Bb6 44. Rxh4+ Kxh4 45. Rh1+ Bh3 46. Nf5+ Rxf5 47. Be1+ Kh5 48. Rxh3+ Kg6 49. exf5+ Kxf5 50. Nd5 Bd8 51. Rh6 Rg6 52. Ne3+ Kf6 53. Rh8 Ke7 54. Bb4 Kd7 55. Nc4 Bc7 56. Ne3 Kc6 57. Rh1 Kb5 58. Ba3 Bb6 59. Rd1 Bc5 60. Rd5 Re6 61. Bxc5 dxc5 62. Kd3 Kb4 63. Rd8 Kb5 64. Ke4 Rf6 65. Nd5 Rh6 66. Rb8+ Ka4 67. Nc3+ Ka5 68. Rxb3 Rh4+ 69. Kxe5 c4 70. Rb8 g4 71. fxg4 Rxg4 72. Kd5 Rh4 73. Kc5 Ka6 74. Nd5 Ka7 75. Rb4 Rh2 76. Kxc4 Ka8 77. Kc5 Rh6 78. Rg4 Ka7 79. b4 Rh1 80. Rg7+ Kb8 81. b5 Ka8 82. Rf7 Kb8 83. Kc6 Rc1+ 84. Kb6 Rc8 85. Rb7+ Ka8 86. Nc7+ Rxc7 87. Rxc7 1-0

[Event "USA tt"]
[Site "ICC INT"]
[Date "2013.08.27"]
[Round "1"]
[White "Bonin, Jay R"]
[Black "Defibaugh, Jared E"]
[Result "1-0"]
[WhiteElo "2341"]
[BlackElo "2235"]
[PlyCount "81"]
[EventDate "2013.08.27"]
[EventType "team-tourn"]
[EventRounds "10"]
[EventCountry "USA"]
[SourceTitle "CBM 156 Extra"]
[Source "ChessBase"]
[SourceDate "2013.10.22"]
[SourceVersion "1"]
[SourceVersionDate "2013.10.22"]
[SourceQuality "1"]
[WhiteTeam "Connecticut"]
[BlackTeam "Baltimore"]
[WhiteTeamCountry "USA"]
[BlackTeamCountry "USA"]

1. d4 Nf6 2. Nf3 g6 3. c4 Bg7 4. Nc3 d5 5. cxd5 Nxd5 6. e4 Nxc3 7. bxc3 c5 8. Bb5+ Nc6 9. 0-0 0-0 10. Bxc6 bxc6 11. Ba3 Qa5 12. Bxc5 Qxc3 13. Re1 Re8 14. Qa4 Bg4 15. Rac1 Qd3 16. Qc4 Qxc4 17. Rxc4 e5 18. Nxe5 Bxe5 19. dxe5 Rxe5 20. f4 Ree8 21. Re3 Be6 22. Ra4 Red8 23. h3 Rd2 24. a3 a6 25. f5 Ba2 26. Rb4 Rc2 27. Be7 Re8 28. Rb7 c5 29. h4 Kg7 30. h5 c4 31. e5 c3 32. Bf6+ Kg8 33. hxg6 fxg6 34. Rg7+ Kf8 35. e6 Rc1+ 36. Kh2 c2 37. Rc3 Bxe6 38. fxe6 Rxe6 39. Rc8+ Re8 40. Rcc7 Ree1 41. Rgd7 1-0

[Event "Philadelphia op 7th"]
[Site "Philadelphia"]
[Date "2013.03.31"]
[Round "8"]
[White "Checa, Nicolas D"]
[Black "Defibaugh, Jared E"]
[Result "0-1"]
[WhiteElo "2032"]
[BlackElo "2287"]
[PlyCount "72"]
[EventDate "2013.03.27"]
[EventType "swiss"]
[EventRounds "9"]
[EventCountry "USA"]
[SourceTitle "CBM 153 Extra"]
[Source "ChessBase"]
[SourceDate "2013.04.22"]
[SourceVersion "1"]
[SourceVersionDate "2013.04.22"]
[SourceQuality "1"]

1. d4 Nf6 2. c4 g6 3. Nc3 d5 4. Nf3 Bg7 5. Qb3 dxc4 6. Qxc4 0-0 7. e4 Nc6 8. Be2 Bg4 9. Be3 Bxf3 10. gxf3 e5 11. d5 Nd4 12. Nb5 Nh5 13. Nxd4 exd4 14. Bxd4 c6 15. d6 Qxd6 16. Bc5 Qe5 17. Bxf8 Rxf8 18. Qc2 Bh6 19. Bc4 Qg5 20. Bf1 Rd8 21. Rd1 Qa5+ 22. Qc3 Rxd1+ 23. Kxd1 Qxa2 24. Kc2 Qa4+ 25. b3 Qa3 26. b4 Qc1+ 27. Kb3 Qd1+ 28. Ka3 Bg7 29. e5 Bxe5 30. Qxe5 Qxf3+ 31. Qe3 Qxh1 32. Bc4 Nf6 33. Qxa7 Qa1+ 34. Ba2 Qc3+ 35. Bb3 Nd5 36. Qxb7 Qc1+ 0-1

[Event "Philadelphia op 7th"]
[Site "Philadelphia"]
[Date "2013.03.30"]
[Round "6"]
[White "Defibaugh, Jared E"]
[Black "Balakrishnan, Praveen"]
[Result "1-0"]
[WhiteElo "2287"]
[BlackElo "2075"]
[PlyCount "105"]
[EventDate "2013.03.27"]
[EventType "swiss"]
[EventRounds "9"]
[EventCountry "USA"]
[SourceTitle "CBM 153 Extra"]
[Source "ChessBase"]
[SourceDate "2013.04.22"]
[SourceVersion "1"]
[SourceVersionDate "2013.04.22"]
[SourceQuality "1"]

1. e4 c6 2. d4 d5 3. e5 Bf5 4. h4 h5 5. c4 e6 6. Nc3 Ne7 7. Bg5 Qd7 8. Nge2 dxc4 9. Ng3 Bg6 10. Bxc4 Nd5 11. 0-0 Be7 12. Nce4 f6 13. exf6 gxf6 14. Bd2 f5 15. Ng5 Bxg5 16. Bxg5 Qf7 17. Re1 Nd7 18. Qe2 Nf8 19. Qe5 Rh7 20. Bxd5 cxd5 21. Ne2 Qc7 22. Qe3 Qd6 23. Nf4 Kf7 24. Qb3 Kg8 25. Re5 b6 26. Rae1 Bf7 27. Bf6 Rh6 28. Qg3+ Ng6 29. Qg5 Kh7 30. Nxg6 Rg8 31. Be7 Qb8 32. Nf8+ Rxf8 33. Bxf8 Qxf8 34. Rc1 Rg6 35. Qe3 Qd8 36. g3 Qxh4 37. Kg2 Qg4 38. Rh1 Rg7 39. Rh3 Kg8 40. f3 Qg6 41. Qf4 Qf6 42. Re2 Qd8 43. Rc2 Qe8 44. Rh1 Kh7 45. Rc7 Qb5 46. Qd2 a5 47. Kf2 a4 48. Rhc1 Qe8 49. Rb7 b5 50. Qf4 Kg6 51. g4 hxg4 52. fxg4 fxg4 53. Rh1 1-0

[Event "USA tt"]
[Site "ICC INT"]
[Date "2012.10.24"]
[Round "8"]
[White "Defibaugh, Jared E"]
[Black "Kapengut, Albert Z"]
[Result "0-1"]
[WhiteElo "2270"]
[BlackElo "2391"]
[PlyCount "98"]
[EventDate "2012.09.04"]
[EventType "team-tourn"]
[EventRounds "10"]
[EventCountry "USA"]
[SourceTitle "EXT 2013"]
[Source "ChessBase"]
[SourceDate "2012.11.22"]
[SourceVersion "1"]
[SourceVersionDate "2012.11.22"]
[SourceQuality "1"]
[WhiteTeam "Baltimore"]
[BlackTeam "New Jersey"]
[WhiteTeamCountry "USA"]
[BlackTeamCountry "USA"]

1. c4 e5 2. Nc3 Nf6 3. g3 Bb4 4. Bg2 0-0 5. Nf3 Re8 6. 0-0 e4 7. Nd4 Nc6 8. Nc2 Bxc3 9. dxc3 h6 10. b3 d6 11. Ne3 b6 12. Qc2 Bb7 13. Rd1 Ne7 14. a4 a5 15. b4 Qc8 16. c5 d5 17. Bb2 Qe6 18. Rd2 Nf5 19. Nxf5 Qxf5 20. c4 axb4 21. Rad1 dxc4 22. Qxc4 e3 23. fxe3 Bxg2 24. Kxg2 Qe4+ 25. Qxe4 Nxe4 26. Rd7 bxc5 27. Rxc7 Rac8 28. Rb7 Red8 29. Rd3 Nd6 30. Re7 Kf8 31. Re5 Nc4 32. Rxd8+ Rxd8 33. Rxc5 Nxb2 34. Rb5 Nxa4 35. Rxb4 Nc5 36. Kf3 Ke7 37. h4 Rd6 38. e4 Rf6+ 39. Ke3 Rf1 40. Rc4 Nd7 41. Ra4 h5 42. Ra5 g6 43. Ra7 Kd6 44. Ra6+ Kc5 45. Ra7 Ne5 46. Ra5+ Kd6 47. Ra6+ Ke7 48. Kd4 Ng4 49. Ra3 Rd1+ 0-1

[Event "USA tt"]
[Site "ICC INT"]
[Date "2012.09.19"]
[Round "3"]
[White "Harris, Ian"]
[Black "Defibaugh, Jared E"]
[Result "1-0"]
[WhiteElo "2099"]
[BlackElo "2270"]
[PlyCount "89"]
[EventDate "2012.09.04"]
[EventType "team-tourn"]
[EventRounds "10"]
[EventCountry "USA"]
[SourceTitle "CBM 150 Extra"]
[Source "ChessBase"]
[SourceDate "2012.10.19"]
[SourceVersion "1"]
[SourceVersionDate "2012.10.19"]
[SourceQuality "1"]
[WhiteTeam "Connecticut"]
[BlackTeam "Baltimore"]
[WhiteTeamCountry "USA"]
[BlackTeamCountry "USA"]

1. e4 e5 2. Nf3 Nc6 3. Bb5 f5 4. Nc3 fxe4 5. Nxe4 d5 6. Nxe5 dxe4 7. Nxc6 Qg5 8. Qe2 Nf6 9. Nxa7+ Bd7 10. Bxd7+ Nxd7 11. f4 Qc5 12. Nb5 Qxc2 13. d4 Bb4+ 14. Kf2 Qxe2+ 15. Kxe2 0-0-0 16. a3 Ba5 17. Be3 Nf6 18. Rhd1 c6 19. b4 Bb6 20. Nc3 Nd5 21. Rac1 Nxc3+ 22. Rxc3 Rd5 23. a4 Rhd8 24. Rc4 Kb8 25. Bf2 Bc7 26. g3 g5 27. fxg5 Rxg5 28. Rc5 Rg6 29. Rh5 Rd7 30. Be3 Re6 31. Rf5 Rd5 32. Rdf1 Red6 33. g4 Rd7 34. h4 Bb6 35. Rxd5 cxd5 36. Rf5 Bc7 37. g5 Kc8 38. h5 Kd8 39. g6 hxg6 40. hxg6 Rg7 41. Rxd5+ Ke8 42. Rg5 Bd8 43. Rg4 Kd7 44. Bh6 Rg8 45. g7 1-0

[Event "Washington op 1st"]
[Site "Rockville"]
[Date "2012.08.01"]
[Round "9"]
[White "Ryba, Andrew A"]
[Black "Defibaugh, Jared E"]
[Result "1/2-1/2"]
[WhiteElo "2162"]
[BlackElo "2263"]
[PlyCount "43"]
[EventDate "2012.07.28"]
[EventType "swiss"]
[EventRounds "9"]
[EventCountry "USA"]
[SourceTitle "CBM 149 Extra"]
[Source "ChessBase"]
[SourceDate "2012.08.24"]
[SourceVersion "1"]
[SourceVersionDate "2012.08.24"]
[SourceQuality "1"]

1. d4 Nf6 2. c4 g6 3. g3 c6 4. Bg2 d5 5. cxd5 cxd5 6. Nf3 Bg7 7. Nc3 Ne4 8. Qb3 Nxc3 9. bxc3 Nc6 10. Nd2 e6 11. Ba3 Na5 12. Qb2 Bd7 13. Rc1 Rc8 14. e4 Bc6 15. e5 Qb6 16. Bb4 Bf8 17. Qa3 Nc4 18. Nxc4 dxc4 19. Bxf8 Rxf8 20. 0-0 Bxg2 21. Kxg2 Qc6+ 22. f3 1/2-1/2

[Event "Washington op 1st"]
[Site "Rockville"]
[Date "2012.07.31"]
[Round "8"]
[White "Defibaugh, Jared E"]
[Black "Rozman, Levy"]
[Result "0-1"]
[WhiteElo "2263"]
[BlackElo "2200"]
[PlyCount "68"]
[EventDate "2012.07.28"]
[EventType "swiss"]
[EventRounds "9"]
[EventCountry "USA"]
[SourceTitle "CBM 149 Extra"]
[Source "ChessBase"]
[SourceDate "2012.08.24"]
[SourceVersion "1"]
[SourceVersionDate "2012.08.24"]
[SourceQuality "1"]

1. e4 c6 2. d4 d5 3. e5 Bf5 4. h4 h5 5. c4 e6 6. Nc3 Ne7 7. Bg5 Qb6 8. Qd2 Nd7 9. Nge2 dxc4 10. Ng3 Bg6 11. Bxc4 0-0-0 12. Qe3 Qxb2 13. 0-0 Nb6 14. Bb3 Nbd5 15. Nxd5 Nxd5 16. Bxd5 Rxd5 17. Ne2 Rd7 18. d5 Rxd5 19. Nf4 Bc5 20. Qg3 Qxe5 21. Rfe1 Qc7 22. Rac1 Rd3 23. Qh2 Bd6 24. g3 Bxf4 25. Bxf4 Qd7 26. a4 Qd5 27. a5 Qxa5 28. g4 Rhd8 29. Bb8 R3d4 30. gxh5 Bxh5 31. Ra1 Rg4+ 32. Kf1 Qb5+ 33. Re2 Qxe2+ 34. Kxe2 Rxh4+ 0-1

[Event "Washington op 1st"]
[Site "Rockville"]
[Date "2012.07.31"]
[Round "7"]
[White "Krause, Benjamin W"]
[Black "Defibaugh, Jared E"]
[Result "1/2-1/2"]
[WhiteElo "2205"]
[BlackElo "2263"]
[PlyCount "129"]
[EventDate "2012.07.28"]
[EventType "swiss"]
[EventRounds "9"]
[EventCountry "USA"]
[SourceTitle "CBM 149 Extra"]
[Source "ChessBase"]
[SourceDate "2012.08.24"]
[SourceVersion "1"]
[SourceVersionDate "2012.08.24"]
[SourceQuality "1"]

1. d4 Nf6 2. c4 g6 3. Nc3 d5 4. cxd5 Nxd5 5. Bd2 Bg7 6. e4 Nxc3 7. Bxc3 0-0 8. Rc1 b6 9. d5 e6 10. Bc4 exd5 11. Bxg7 Kxg7 12. Qd4+ Kg8 13. Qxd5 Qxd5 14. Bxd5 c6 15. Bb3 Nd7 16. Rxc6 Ne5 17. Rc3 Ba6 18. Bc2 Rac8 19. Ne2 Nc4 20. Bd3 Rfd8 21. 0-0 b5 22. Bxc4 bxc4 23. Rfc1 Rd2 24. R3c2 Rcd8 25. Nc3 Bb7 26. Kf1 f5 27. Nd5 Rd4 28. f3 Rf8 29. Nc7 Bc8 30. Rxc4 Rd2 31. R4c2 Rxc2 32. Rxc2 fxe4 33. Rc3 exf3 34. gxf3 Rf5 35. Kf2 Kf8 36. Nb5 Bd7 37. Nxa7 Rd5 38. Ke3 Ke8 39. Nc6 Rh5 40. Rc2 Bxc6 41. Rxc6 Rxh2 42. Rb6 Kd7 43. a4 Kc7 44. a5 h5 45. f4 Rg2 46. Kf3 Rg1 47. Kf2 Rg4 48. Rb4 g5 49. Kf3 gxf4 50. Rxf4 Rg1 51. b4 Rg6 52. b5 Rg5 53. Rb4 Kb7 54. Rb1 Rc5 55. Kg3 Rd5 56. Kf3 Rc5 57. Ke3 Rg5 58. Kd4 Rg4+ 59. Kc5 Rg5+ 60. Kd6 h4 61. a6+ Kb6 62. Ra1 Rg6+ 63. Kd5 Rg5+ 64. Ke4 Rg8 65. a7 1/2-1/2

[Event "Continental Class-ch"]
[Site "Arlington"]
[Date "2011.10.10"]
[Round "8"]
[White "Denton, Bradley"]
[Black "Defibaugh, Jared E"]
[Result "1/2-1/2"]
[WhiteElo "2304"]
[BlackElo "2178"]
[PlyCount "102"]
[EventDate "2011.10.06"]
[EventType "swiss"]
[EventRounds "9"]
[EventCountry "USA"]
[SourceTitle "CBM 144 Extra"]
[Source "ChessBase"]
[SourceDate "2011.10.28"]
[SourceVersion "1"]
[SourceVersionDate "2011.10.28"]
[SourceQuality "1"]

1. d4 Nf6 2. c4 g6 3. Nc3 d5 4. cxd5 Nxd5 5. e4 Nxc3 6. bxc3 Bg7 7. Nf3 c5 8. Rb1 0-0 9. Be2 b6 10. 0-0 Bb7 11. Qd3 Qc8 12. d5 c4 13. Qc2 e6 14. dxe6 Qxe6 15. Nd2 Qe5 16. Bxc4 Qxc3 17. Qxc3 Bxc3 18. Rb3 Bg7 19. Nf3 Nd7 20. Bd5 Nc5 21. Bxb7 Nxb7 22. Bb2 Rfc8 23. Bxg7 Kxg7 24. Rb2 Rc4 25. Nd2 Rc3 26. Nb3 Rd8 27. f3 Nc5 28. Nxc5 Rxc5 29. Kf2 Kf6 30. Re1 Ke6 31. Ree2 f6 32. Rb3 Rdc8 33. Rbb2 R8c6 34. Rbd2 b5 35. Re3 Rc2 36. Ke2 Rxd2+ 37. Kxd2 Ra6 38. a3 Ra4 39. Rb3 a6 40. Ke3 Rc4 41. Kd2 f5 42. Rb4 Rc6 43. exf5+ Kxf5 44. Re4 h5 45. g3 Rc5 46. h4 Rc6 47. a4 bxa4 48. Rxa4 Ke6 49. g4 hxg4 50. fxg4 Kd5 51. h5 gxh5 1/2-1/2

[Event "USA tt"]
[Site "ICC INT"]
[Date "2011.10.05"]
[Round "6"]
[White "Young, Angelo"]
[Black "Defibaugh, Jared E"]
[Result "1-0"]
[WhiteElo "2343"]
[BlackElo "2178"]
[PlyCount "105"]
[EventDate "2011.08.29"]
[EventType "team-tourn"]
[EventRounds "10"]
[EventCountry "USA"]
[SourceTitle "CBM 144 Extra"]
[Source "ChessBase"]
[SourceDate "2011.10.28"]
[SourceVersion "1"]
[SourceVersionDate "2011.10.28"]
[SourceQuality "1"]
[WhiteTeam "Chicago"]
[BlackTeam "Baltimore"]
[WhiteTeamCountry "USA"]
[BlackTeamCountry "USA"]

1. Nf3 Nf6 2. g3 g6 3. b3 Bg7 4. Bb2 c5 5. Bg2 Nc6 6. c4 0-0 7. 0-0 d6 8. d4 Ne4 9. Nbd2 f5 10. e3 Nxd2 11. Qxd2 e5 12. dxe5 dxe5 13. Qd5+ Kh8 14. Qxc5 e4 15. Bxg7+ Kxg7 16. Nd4 Rf6 17. Nxc6 Rxc6 18. Qd4+ Qf6 19. Rfd1 Be6 20. Rac1 Rc7 21. f3 exf3 22. Bxf3 Rac8 23. Rc2 b6 24. Rcd2 Re7 25. Kf2 Rce8 26. Qxf6+ Kxf6 27. Rd6 Kg7 28. Bc6 Rf8 29. R1d4 g5 30. a4 Rf6 31. Bf3 g4 32. Bg2 Rh6 33. Kg1 Bf7 34. Rxh6 Kxh6 35. Kf2 Kg5 36. Bc6 Be6 37. Rd6 Bc8 38. Bd5 h5 39. Rd8 Bb7 40. Bxb7 Rxb7 41. Rd5 Re7 42. b4 Re4 43. Rd4 Re7 44. c5 bxc5 45. bxc5 Kf6 46. Ke2 Rc7 47. Rd5 Rb7 48. c6 Rc7 49. Rc5 Ke6 50. Kd3 Kd6 51. Kd4 a6 52. Rxf5 Kxc6 53. Rc5+ 1-0

[Event "USA tt"]
[Site "ICC INT"]
[Date "2011.09.07"]
[Round "2"]
[White "Defibaugh, Jared E"]
[Black "Shen, Arthur"]
[Result "1-0"]
[WhiteElo "2178"]
[BlackElo "2194"]
[PlyCount "145"]
[EventDate "2011.08.29"]
[EventType "team-tourn"]
[EventRounds "10"]
[EventCountry "USA"]
[SourceTitle "CBM 144 Extra"]
[Source "ChessBase"]
[SourceDate "2011.10.28"]
[SourceVersion "1"]
[SourceVersionDate "2011.10.28"]
[SourceQuality "1"]
[WhiteTeam "Baltimore"]
[BlackTeam "New Jersey"]
[WhiteTeamCountry "USA"]
[BlackTeamCountry "USA"]

1. e4 c5 2. Nf3 d6 3. Bb5+ Nc6 4. 0-0 Bd7 5. Re1 Nf6 6. h3 a6 7. Bf1 e5 8. c3 g6 9. d4 Qc7 10. Na3 b5 11. Bg5 Bg7 12. Qd2 h6 13. Bxf6 Bxf6 14. dxc5 dxc5 15. Rad1 Rd8 16. Qe3 Be7 17. Nc2 Be6 18. a3 Bb3 19. Rxd8+ Nxd8 20. Qd2 Ne6 21. Na1 c4 22. Nxb3 cxb3 23. Qd5 0-0 24. Qxe5 Qxe5 25. Nxe5 Nc5 26. Nc6 Bg5 27. g3 Na4 28. f4 Rc8 29. Nb4 Be7 30. Rb1 Bxb4 31. axb4 Rd8 32. Be2 Rd2 33. Bd1 Nxb2 34. Bxb3 Nc4 35. Rd1 Re2 36. Bxc4 bxc4 37. Rd4 Re3 38. Rxc4 Rxg3+ 39. Kh2 Rf3 40. e5 g5 41. fxg5 hxg5 42. Rc6 Kf8 43. Kg2 Re3 44. c4 Rb3 45. Rb6 Ke7 46. c5 Ke8 47. Kf2 Kd7 48. Ke2 Kc7 49. Kd2 a5 50. bxa5 Rxh3 51. a6 Ra3 52. Ke2 Ra5 53. Rf6 Rxc5 54. Rxf7+ Kb8 55. Re7 Rc6 56. a7+ Ka8 57. Kf3 g4+ 58. Kg3 Rc3+ 59. Kxg4 Rg3+ 60. Kf5 Rg5+ 61. Ke4 Rg4+ 62. Kd5 Rd4+ 63. Ke6 Rd6+ 64. Kf5 Rf6+ 65. Ke4 Rf4+ 66. Kd5 Rd4+ 67. Kc6 Rc4+ 68. Kd7 Rd4+ 69. Ke8 Rd8+ 70. Kf7 Rf8+ 71. Ke6 Rf6+ 72. Kd7 Rf8 73. Re8+ 1-0

[Event "World op 35th"]
[Site "Philadelphia"]
[Date "2007.07.03"]
[Round "7"]
[White "Zenyuk, Iryna"]
[Black "Defibaugh, Jared E"]
[Result "1-0"]
[WhiteElo "2177"]
[BlackElo "2110"]
[PlyCount "87"]
[EventDate "2007.06.30"]
[EventType "swiss"]
[EventRounds "9"]
[EventCountry "USA"]
[SourceTitle "CBM 119 Extra"]
[Source "ChessBase"]
[SourceDate "2007.09.04"]
[SourceVersion "1"]
[SourceVersionDate "2007.09.04"]
[SourceQuality "1"]

1. d4 Nf6 2. Nf3 g6 3. c4 Bg7 4. Nc3 d5 5. cxd5 Nxd5 6. e4 Nxc3 7. bxc3 c5 8. Rb1 0-0 9. Be2 cxd4 10. cxd4 Qa5+ 11. Bd2 Qxa2 12. 0-0 Bg4 13. Bg5 h6 14. Be3 Nc6 15. d5 Bxf3 16. gxf3 Ne5 17. Rxb7 e6 18. d6 Nc4 19. Bxc4 Qxc4 20. Qc1 Qa6 21. Qc7 Rac8 22. Rxa7 Qe2 23. Qb7 Qxf3 24. e5 Qxb7 25. Rxb7 Bxe5 26. d7 Ra8 27. Bc5 Rfd8 28. Be7 f5 29. Bxd8 Rxd8 30. Re1 Bf6 31. Rxe6 Kf7 32. Re2 g5 33. Kg2 g4 34. Kg3 Bg5 35. Re5 Kf6 36. Re8 Kf7 37. Rxd8 Bxd8 38. Kf4 Ke6 39. Ke3 Kd6 40. Ra7 Bg5+ 41. Kd3 Ke7 42. Kc4 Bf4 43. Kd5 Bxh2 44. Kc6 1-0